000
00414nam a2200145Ia 4500
008
100122s9999 xx 000 0 und d
082
_b
57609
_a
799.2
100
_a
दुर्वे लालू
245
_a
टायगर डेज
260
_b
दिलीप प्रकाशन
_c
1999
300
_a
163
630
_a
टायगर डेज
730
_a
टायगर डेज
942
_c
BOOK
999
_c
433777
_d
433774